| 000 | 00483nam a2200169Ia 4500 | ||
|---|---|---|---|
| 003 | GCL | ||
| 008 | 140319s9999 xx 000 0 ara d | ||
| 040 |
_aGCL / _cGCL |
||
| 082 | 0 | 4 |
_a813.03 _bم م |
| 100 | 1 | _aمحمد عبدالحليم عبدالله | |
| 245 | 1 | 0 |
_aمن اجل ولدى / _cمحمد عبدالحليم عبدالله |
| 260 |
_a[S.N] : _bمكتبة مصر ، _c1990 |
||
| 300 | _a227 ص | ||
| 490 | _a | ||
| 650 | 0 | 4 | _aالادب العربى |
| 942 |
_2ddc _cBK |
||
| 999 |
_c34548 _d34548 |
||